| 000 | 00399nam a2200145Ia 4500 | ||
|---|---|---|---|
| 008 | 210210b1972 xxu||||| |||| 00| 0 eng d | ||
| 020 | _a0 912776 34 X | ||
| 082 | _aS891.6 BHAB | ||
| 100 | _aBHAKTIVEDANTA (A C). | ||
| 245 | _aBhagavatam. First canto: Creation Part 1 | ||
| 260 |
_aBombay _bBhaktivedanta book trust. _c1972 |
||
| 300 | _axi,374 | ||
| 690 | _aSanskrit Prakirana | ||
| 906 | _aSG00787 | ||
| 999 |
_c112051 _d112051 |
||